Histología (Record no. 139732)

MARC details
000 -LEADER
fixed length control field nam a22 7a 4500
005 - DATE AND TIME OF LATEST TRANSACTION
control field 20180412135354.0
008 - FIXED-LENGTH DATA ELEMENTS--GENERAL INFORMATION
fixed length control field 180412b mx ||||| |||| 00| 0 spa d
050 04 - LIBRARY OF CONGRESS CALL NUMBER
Classification number SF757.3
Item number P75 1972
100 1# - MAIN ENTRY--PERSONAL NAME
Personal name Price, Charles J.
240 1# - UNIFORM TITLE
Uniform title Histology
Language of a work Español
245 10 - TITLE STATEMENT
Title Histología
Statement of responsibility, etc / Charles J. Price
250 ## - EDITION STATEMENT
Edition statement 1a.
260 ## - PUBLICATION, DISTRIBUTION, ETC. (IMPRINT)
Place of publication, distribution, etc México :
Name of publisher, distributor, etc Herrero Hermanos,
Date of publication, distribution, etc 1972
300 ## - PHYSICAL DESCRIPTION
Extent xi, 110 p :
Other physical details il ;
Dimensions 23 cm.
490 0# - SERIES STATEMENT
Series statement Apuntes para estudiantes de cría y cuidado de animales
504 ## - BIBLIOGRAPHY, ETC. NOTE
Bibliography, etc Incluye bibliografía e índice
650 #4 - SUBJECT ADDED ENTRY--TOPICAL TERM
Topical term or geographic name as entry element Histología veterinaria
942 ## - ADDED ENTRY ELEMENTS (KOHA)
Source of classification or shelving scheme Biblioteca del Cogreso de los Estados Unidos
Koha item type Libro
Holdings
Estado de pérdida Fuente de clasificación Estado del daño No para préstamo Ubicación permanente Ubicación actual Apartado o colección Fecha de adquisición Edición Área del conocimiento Total Checkouts Clasificación Código de Barras Date last seen Date checked out Número de copia Tipo de recurso
  Biblioteca del Cogreso de los Estados Unidos     Biblioteca de la Facultad de Medicina Veterinaria y Zootecnia Biblioteca de la Facultad de Medicina Veterinaria y Zootecnia General 12/04/2018 1a. Ciencias Agropecuarias 1 SF757.3 P75 1972 MVZ000004551 15/02/2019 13/02/2019 C : 1 Libro